000 00534nam a2200181Ia 4500
003 IN-BaIIA
008 211028s9999 xx 000 0 eng d
040 _cIIA Library
080 _a535
_bBUC
100 _aBuchdahl, H. A
_97560
245 3 _aAn Introduction to hamiltonian optics
_cH. A. Buchdahl
260 _aCambridge
_bCambridge University Press
_c1970
300 _axv, 360p.
490 _aCambridge monographs on physics
650 _aAstronomy and astrophysics thesaurus
650 _aHamiltonian optics
_97561
942 _cBK
999 _c4302
_d4302